00550nam a2200145Ia 4500008004100000024004200041082001700083100005000100245004300150260002500193600002100218650003800239952011000277999001700387250506s9999 xx 000 0 und d a11B-004-BS, 11B-38-BS & 11B-51-BS a004.6072 MUN aMunim Ali Khan, Naeem Nizar Ali & Ashhad Saud 0aEnterprise Service Bus-ESB (code book) aKarachi:bUIT,c2011 aComputer Science aBachelor of Computer Science (BS) 001040708PR-CSaUITUbUITUd2022-07-26l0o004.6072 MUNpBS-438-Ar2025-05-06 11:34:25w2025-05-06yPR c28427d28427